[Event "XLIV Sevilla Open 2019"]
[Site "Sevilla"]
[Date "2019.01.12"]
[Round "2"]
[White "Degro, Heiko"]
[Black "Xu, Yi"]
[Result "0-1"]
[WhiteElo "2025"]
[BlackElo "2528"]
[Annotator "TA"]
[PlyCount "140"]
[EventDate "2019.01.11"]
[EventType "swiss"]
[EventCountry "ESP"]
[SourceTitle "playchess.com"]
[Source "ChessBase"]
[SourceQuality "1"]

{[%evp 13,140,10,27,10,19,2,0,0,0,0,39,6,15,0,-3,-13,0,0,0,0,0,12,18,0,12,11,22,19,25,32,24,13,13,0,0,0,0,0,21,0,32,0,0,0,0,0,0,-6,0,-6,-6,-16,0,-36,-25,-23,-4,-2,0,-48,-14,-42,0,-33,-11,-11,-12,-33,-33,-35,0,-31,-12,-11,-4,-30,-15,-56,-56,-48,-30,-70,0,-47,-43,-70,-69,-68,-47,-63,-63,-67,-77,-89,-77,-166,-152,-146,-74,-68,-67,-133,-62,-141,-143,-139,-133,-211,-177,-471,-442,-654,-629,-761,-732,-729,-662,-629,-620,-29960,-29962,-29959,-29961,-5106,-2629,-29982,-29983,-29985,-29981]} 1. e4 c5 2. Nf3 Nc6 3. Bb5 g6 4. O-O Bg7 5. Re1 e5 6. Nc3 Nge7 7. d3 d6 {LiveBook: 3 Games. B31: Sicilian: 2...Nc6 3 Bb5 g6} 8. Nd5 {Threatens to win with Bg5.} (8. a4 O-O 9. h3 h6 10. Bc4 a6 11. Nd2 Rb8 12. Nf1 Kh7 {0-1 (47) Shytaj,L (2435)-Maghsoodloo,P (2584) Doha 2016}) 8... O-O 9. Bg5 {aiming for Bxc6.} f6 {The position is equal.} 10. Bc4 {Strongly threatening Nxe7+.} Kh8 11. Bd2 Be6 $146 ({Predecessor:} 11... Bg4 12. h3 Be6 13. a3 Bg8 14. Nxe7 Nxe7 15. Bxg8 Kxg8 {½-½ (41) Shishov,M-Glatman,V Dubna 1972}) 12. Nxe7 Qxe7 13. Bxe6 Qxe6 14. c3 b6 15. Qa4 d5 16. b4 Rab8 17. bxc5 bxc5 18. Rab1 d4 19. cxd4 cxd4 20. Rec1 Rxb1 21. Rxb1 Qd7 22. Rc1 Rc8 23. Qa6 Bf8 24. h3 Kg7 25. g4 Bd6 26. Kg2 Rc7 (26... h6 {looks sharper.} 27. Ba5 Ne7 28. Rxc8 Nxc8 29. Nd2 Ne7) 27. Qb5 Ne7 28. Qxd7 Rxd7 29. Rc2 Kf7 30. Rb2 Nc6 31. Ne1 Ke6 32. Nc2 h5 33. f3 hxg4 34. hxg4 f5 35. Rb5 f4 36. Rb2 Rc7 37. Kf2 Be7 (37... Nb8 $5) 38. Kg2 Rc8 39. Kf1 Bd6 40. Ne1 Nd8 41. Ba5 Nc6 42. Bd2 $1 Bc5 43. Nc2 Kd6 44. Ne1 Nb8 45. Rc2 Nd7 46. Rb2 Nb6 47. Ba5 Nd7 48. Bd2 Kc6 49. Ba5 Rh8 50. Kg2 Bb6 51. Bd2 Nc5 52. Bb4 Na4 53. Rc2+ Kb5 54. Bd2 (54. Bd6 $17 Re8 55. Kf1) 54... Bc5 $19 55. Rc4 Nb6 (55... a5 $142 56. Rc1 Ba3) 56. Rc2 $17 Bd6 57. Kg1 {[#]} ({White should play} 57. Rb2+ $15 Kc6 58. Rc2+ Kd7 59. Rb2) 57... Rh7 (57... Na4 $1 $17) 58. Kg2 {[#]} ({White should try} 58. Rb2+ $15 Kc6 59. Rc2+ Kd7 60. Kg2) 58... Ba3 $1 59. Kg1 a5 {[%cal Ba7a5,Ba5b4][%mdl 32]} 60. Ng2 (60. g5 $17) 60... Bb4 61. Bxb4 $2 (61. Be1) 61... axb4 $19 {[%mdl 4096] Endgame KRN-KRN} 62. Ne1 (62. g5 $142 Rh5 63. Rc7) 62... Ra7 63. Ng2 {White hopes to continue with Nh4.} g5 64. Ne1 Nd7 65. Kf1 Nc5 66. Ke2 Na4 67. Rc8 Nc3+ {[%mdl 64] Double Attack} 68. Kf1 Rxa2 69. Re8 b3 70. Rxe5+ Kc6 {Accuracy: White = 35%, Black = 51%.} 0-1

[Event "XLIV Sevilla Open 2019"]
[Site "Sevilla"]
[Date "2019.01.12"]
[Round "2"]
[White "Vela Ignacio, Jose Manuel"]
[Black "Vasquez Schroeder, Rodrigo"]
[Result "0-1"]
[WhiteElo "2006"]
[BlackElo "2499"]
[Annotator "TA"]
[PlyCount "78"]
[EventDate "2019.01.11"]
[EventType "swiss"]
[EventCountry "ESP"]
[SourceTitle "playchess.com"]
[Source "ChessBase"]
[SourceQuality "1"]

{[%evp 11,78,-19,-22,-40,-33,-37,-37,-34,-22,-102,0,-8,0,0,0,0,0,0,0,0,18,6,12,0,0,0,18,-20,8,-29,8,-8,-12,-23,-12,-12,-10,-25,-12,-12,0,-12,-4,-12,0,-24,-12,-11,0,-12,-12,-36,-36,-37,-36,-69,-64,-68,-62,-64,-51,-52,0,0,50,0,0,0,0]} 1. f4 d5 2. Nf3 Nh6 3. d4 g6 4. e3 Bg7 5. Bd3 c5 (5... O-O 6. O-O c5 7. c3 Qc7 8. h3 Nf5 9. Re1 Nd6 10. b3 Bf5 11. Ba3 Nd7 12. Ne5 b6 13. dxc5 Nxc5 14. Bxf5 Nxf5 15. Bxc5 bxc5 16. Qxd5 {0-1 (48) Gouw,C (2579)-Stalmach,K (2547) ICCF email 2008}) 6. c3 {A03: Bird's Opening with 1...d5} Qc7 {LiveBook: 4 Games} 7. Qe2 O-O 8. O-O {Black is slightly better.} Bf5 9. Ne5 Nc6 $146 {[%cal Rc6e5]} ({Predecessor:} 9... Nd7 10. Nxd7 Bxd7 11. Nd2 Bf5 12. Nf3 Bxd3 13. Qxd3 {0-1 (73) Mihut,I (2130)-Miron,L (2375) Felix Spa 2007}) 10. g4 (10. Nd2 $11 {keeps the balance.}) 10... Bxd3 ({Don't play} 10... Bxe5 $6 11. gxf5 Bd6 12. Qg2 $11) (10... Nxe5 $17 11. Bxf5 gxf5 12. fxe5 fxg4) 11. Nxd3 $11 c4 12. Nf2 f5 13. g5 Nf7 14. Nd2 {[%cal Bb1d2,Bd2f3,Bf3h4][%mdl 32]} b5 {[%cal Bb7b5,Bb5b4][%mdl 32]} 15. h4 {[%cal Bh2h4,Bh4h5][%mdl 32]} Nd6 16. h5 Rfb8 17. Nf3 e6 18. Kg2 b4 19. Nh4 Ne7 20. Rh1 Qd7 21. Bd2 a5 22. Rh3 bxc3 23. Bxc3 Ne4 24. Nxe4 fxe4 25. Rf1 Rb7 26. Qg4 Rb6 27. Rh2 Kf7 28. Qh3 Ke8 ({Stronger than} 28... gxh5 29. f5 $18) 29. Kg1 Rba6 30. Rhf2 Kd8 31. hxg6 hxg6 32. Ng2 Qe8 33. Qh7 Qf7 34. Qh3 Kd7 35. Nh4 $1 Rh8 36. Qg4 Kc7 (36... a4 $15) 37. Rh2 Raa8 38. Qg3 {[#] Hoping for f5+.} Kb7 39. Qe1 Nc6 {[%mdl 32768] Accuracy: White = 49%, Black = 39%. . Loss on time!?} 0-1

[Event "XLIV Sevilla Open 2019"]
[Site "Sevilla"]
[Date "2019.01.12"]
[Round "2"]
[White "Peschardt, Soren"]
[Black "Harutjunyan, Gevorg"]
[Result "0-1"]
[WhiteElo "2004"]
[BlackElo "2476"]
[Annotator "TA"]
[PlyCount "84"]
[EventDate "2019.01.11"]
[EventType "swiss"]
[EventCountry "ESP"]
[SourceTitle "playchess.com"]
[Source "ChessBase"]
[SourceQuality "1"]

{[%evp 17,84,16,29,-12,0,-15,-21,-41,-34,-39,-27,-52,-51,-56,-54,-59,-51,-75,-66,-66,-72,-156,-149,-147,-144,-148,-168,-168,-158,-210,-191,-241,-225,-243,-201,-434,-431,-425,-437,-433,-425,-412,-455,-436,-440,-452,-453,-543,-520,-547,-579,-660,-653,-634,-619,-612,-629,-631,-618,-1308,-1312,-1283,-1273,-1208,-1201,-1127,-1061,-29960,-12516]} 1. d4 g6 2. Nf3 Bg7 3. g3 Nf6 4. Bg2 O-O 5. O-O d6 6. Nc3 Nbd7 7. e4 e5 8. dxe5 dxe5 9. Qe2 c6 {LiveBook: 16 Games} 10. Bg5 {B07: Pirc Defence: Miscellaneous Systems} (10. Rd1 Re8 11. b3 Qa5 12. Bb2 Nf8 13. h3 Ne6 14. a3 Nd7 15. b4 Qc7 16. Nb1 Nb6 17. Nbd2 Na4 18. Rab1 {½-½ (43) Straka,J (2373)-Skoberne,J (2535) Sibenik 2012}) 10... Qc7 11. Rfd1 Nc5 $146 ({Predecessor:} 11... h6 12. Bxf6 Nxf6 13. Rd2 Nh7 14. Rad1 Be6 15. Qe3 b6 {½-½ (53) Loeb,W (1844)-Stadlober,G (1829) Schwarzach 1997}) 12. Rd2 {The position is equal.} b5 13. Bxf6 Bxf6 14. Qe3 Ne6 15. Ne2 Qb6 16. Qxb6 axb6 17. Rd6 Bb7 18. Nc1 Rfe8 19. Nd3 {[#]} (19. a3 $142) 19... Be7 $1 $17 {[%cal Re7d6]} 20. Rd7 Bc8 21. Rxe7 Rxe7 22. Nfxe5 c5 23. a3 (23. c3 $17) 23... Bb7 $19 24. Re1 Kg7 25. f4 Rd8 26. f5 $2 (26. Nf3) 26... Nd4 $1 {[%csl LRc2,LRf5]} 27. c3 Nb3 28. Ng4 {aiming for f6+.} gxf5 29. exf5 Rxe1+ 30. Nxe1 Bxg2 31. f6+ Kf8 32. Kxg2 {[%mdl 4096] Endgame KRN-KNN} Rd2+ 33. Kh3 Rxb2 34. Nf3 Nd2 35. Ng5 h5 36. Ne5 Nf1 {[%csl Gf1][%cal Rb2h2]} 37. Ngf3 Rf2 38. g4 hxg4+ 39. Kxg4 Nxh2+ 40. Kg3 {[#]} Nxf3 $1 {[%mdl 512]} 41. Nd7+ (41. Nxf3 Rc2) 41... Ke8 42. Kxf2 Kxd7 {Accuracy: White = 24%, Black = 94%.} 0-1

[Event "XLIV Sevilla Open 2019"]
[Site "Sevilla"]
[Date "2019.01.12"]
[Round "2"]
[White "Morales Barrera, Raul"]
[Black "Iniyan, P."]
[Result "0-1"]
[WhiteElo "1958"]
[BlackElo "2456"]
[Annotator "TA"]
[PlyCount "68"]
[EventDate "2019.01.11"]
[EventType "swiss"]
[EventCountry "ESP"]
[SourceTitle "playchess.com"]
[Source "ChessBase"]
[SourceQuality "1"]

{[%evp 15,68,-12,-5,-14,-4,-32,-10,-65,-12,-44,-44,-67,-59,-72,-85,-114,-103,-120,-108,-112,-104,-117,-118,-221,-221,-258,-241,-244,-171,-171,-160,-168,-165,-127,-131,-201,-139,-114,-99,-199,-10,-168,-168,-183,-152,-161,-162,-193,-209,-191,-194,-329,-75,-1249,-1247]} 1. d4 Nf6 2. Nf3 g6 3. Nc3 d5 4. Bf4 Bg7 5. Qd2 c6 6. Bh6 {D00: 1 d4 d5: Unusual lines} (6. Ne5 Nbd7 7. h4 Nh5 8. Bh2 Nxe5 9. dxe5 f6 10. exf6 Nxf6 11. f3 O-O 12. O-O-O b5 13. e4 Qa5 {½-½ (25) Chatalbashev,B (2605)-Avrukh,B (2632) Benidorm 2008}) 6... O-O 7. Bxg7 Kxg7 8. Ne5 Nbd7 {LiveBook: 6 Games} 9. Nxd7 Bxd7 10. e3 Qc7 11. h4 $146 ({White should play} 11. O-O-O $11) ({Predecessor:} 11. f4 Bf5 12. Be2 Ne4 13. Nxe4 Bxe4 14. O-O f6 15. Rf2 c5 16. c3 e5 17. fxe5 fxe5 18. Raf1 b6 19. Bg4 Qe7 20. Rxf8 Rxf8 21. Rxf8 Kxf8 {½-½ (21) Salac,J (2260)-Mandl,R (2420) Bayern 1994}) 11... e5 ({Better is} 11... h5 $15) 12. Be2 (12. h5 $5) 12... h5 13. O-O-O Rfe8 14. f3 b5 {[%cal Bb7b5,Bb5b4][%mdl 32]} 15. Rde1 b4 16. Nd1 c5 17. dxc5 Qxc5 18. Nf2 e4 19. f4 (19. Rhg1 $17 {might work better.}) 19... Rac8 $19 20. Kb1 {[#]} d4 $1 {[%mdl 512]} 21. Nd1 (21. Qxd4 Qxc2+) 21... dxe3 22. Nxe3 Be6 23. b3 Nd5 24. Nxd5 Bxd5 25. Ba6 (25. f5 $17) 25... e3 26. Qc1 Rc7 $36 {[%mdl 2048] Keeping White busy.} (26... Bxg2 $6 27. Rh2 $11) 27. Re2 (27. Bd3 $17) 27... Qd6 $2 (27... Be4 $1 $19 {Threatens to win with ...Bf5.} 28. Bc4 Bf5) 28. Bd3 $2 (28. Rxe3 $11 {and White is okay.} Rxe3 29. Qxe3 Bxg2 30. Re1) 28... Qxf4 29. Rh3 Qd4 30. Qe1 a5 31. Rhxe3 Rxe3 32. Rxe3 a4 ({Don't take} 32... Bxg2 33. Re5 $17) 33. bxa4 {[#]} (33. Qg3 {was necessary.}) 33... Rc3 $2 ({Not} 33... Bxg2 34. Re7 $11) (33... Bxa2+ $1 $19 {[%mdl 512] is more deadly.} 34. Kxa2 Rc3 35. Qxc3 (35. Kb1 $2 Ra3 $19) 35... Qxc3) 34. Qc1 $2 {[%mdl 8192] [#]} (34. Re8 $17) 34... Bxa2+ $1 {[%mdl 512] Precision: White = 34%, Black = 49%.} 0-1

[Event "XLIV Sevilla Open 2019"]
[Site "Sevilla"]
[Date "2019.01.12"]
[Round "2"]
[White "Sobrino Forte, Alvaro"]
[Black "Starostits, Ilmars"]
[Result "0-1"]
[WhiteElo "1955"]
[BlackElo "2442"]
[Annotator "TA"]
[PlyCount "80"]
[EventDate "2019.01.11"]
[EventType "swiss"]
[EventCountry "ESP"]
[SourceTitle "playchess.com"]
[Source "ChessBase"]
[SourceQuality "1"]

{[%evp 22,80,56,47,43,58,43,23,37,27,36,-79,-83,-97,-96,-115,-110,-114,-67,-84,-60,-48,-53,-181,-169,-172,-171,-178,-177,-177,-183,-162,-76,-93,-85,-80,-75,-170,-172,-160,-169,-169,-172,-360,-355,-361,-335,-556,-557,-1609,-1583,-1546,-1525,-944,-704,-1780,-1690,-4818,-5060,-29978,-29979]} 1. e4 c5 2. Nf3 Nc6 3. d4 cxd4 4. Nxd4 Qb6 5. Nb3 Nf6 6. Nc3 e6 7. Qe2 Bb4 {B33: Sicilian: Pelikan and Sveshnikov Variations} (7... Qc7 8. f4 Bb4 9. Bd2 Bxc3 10. bxc3 d6 11. g4 b6 12. Bg2 Bb7 13. g5 Nd7 14. h4 Na5 15. Nxa5 bxa5 {1-0 (38) Kramnik,V (2812)-Fressinet,L (2687) Paris 2016}) 8. Bd2 a5 9. a3 Bxc3 10. Bxc3 e5 11. O-O-O O-O 12. g4 {[%cal Bg2g4,Bg4g5][%mdl 32] LiveBook: 8 Games} d6 13. g5 Ne8 {[#]} 14. Qe3 $146 ({Predecessor:} 14. h4 Be6 15. h5 Rc8 16. Kb1 Qc7 {1-0 (29) Mista,A (2606)-Azarov,S (2582) Katowice 2017}) 14... Qxe3+ 15. fxe3 Bg4 16. Rd2 (16. Rd5 $14 {stays ahead.}) 16... a4 $17 17. Na1 Bf3 $36 {[%mdl 2048] Keeping White busy.} 18. Bg2 Bxg2 19. Rxg2 Nc7 20. Rd1 f5 21. exf5 Rxf5 22. Rxd6 ({White should try} 22. Bb4 $15) 22... Nb5 $19 23. Rd5 Rf1+ $1 24. Rd1 Rxd1+ $1 25. Kxd1 Nxc3+ 26. bxc3 {[%mdl 4096] Endgame KRN-KRN} Kf7 (26... Rd8+ $19 27. Ke1 Na5) 27. Rg4 $17 Ke6 28. Rh4 {[#]} Kf5 $1 29. Rxh7 (29. c4 $17 {might work better.}) 29... Kg6 $19 30. Rh4 Kxg5 31. Rc4 Kf5 {[%mdl 1024] Black has strong compensation.} 32. h4 $2 {[#]} (32. h3) 32... Ra5 $1 33. Ke2 e4 34. Kf2 $2 (34. Nb3 axb3 {[%mdl 64] Discovered Attack} 35. cxb3) 34... Ke5 35. Nb3 axb3 36. cxb3 Kd5 37. a4 Ra8 38. Ke2 b6 {[%cal Bb7b6,Bb6b5][%mdl 32]} 39. Kd2 Rh8 40. a5 b5 {Accuracy: White = 31%, Black = 79%.} 0-1

[Event "XLIV Sevilla Open 2019"]
[Site "Sevilla"]
[Date "2019.01.12"]
[Round "2"]
[White "Sanna, Yuri"]
[Black "Larino Nieto, David"]
[Result "0-1"]
[WhiteElo "1952"]
[BlackElo "2432"]
[Annotator "TA"]
[PlyCount "74"]
[EventDate "2019.01.11"]
[EventType "swiss"]
[EventCountry "ESP"]
[SourceTitle "playchess.com"]
[Source "ChessBase"]
[SourceQuality "1"]

{[%evp 9,74,15,26,4,31,0,-14,-6,30,-4,17,0,0,-8,-6,0,6,9,6,6,0,-6,31,0,72,15,22,-28,-26,-33,-29,-60,-64,-62,-69,-74,-70,-216,-206,-217,-207,-194,-129,-129,-137,-145,-147,-288,-275,-322,-314,-301,-310,-314,-288,-278,-289,-302,-310,-442,-455,-454,-454,-454,-445,-5093,-5080]} 1. Nc3 c5 2. d4 cxd4 3. Qxd4 Nc6 4. Qd3 (4. Qh4 Nf6 5. Nf3 d5 6. Bg5 Qa5 7. O-O-O Be6 8. Bd2 g6 9. e4 d4 10. e5 Ng4 11. Nxd4 Nxd4 12. h3 {0-1 (44) Morozevich,A (2748)-Kasparov,G (2851) Frankfurt 2000}) 4... Nb4 $146 ({Predecessor:} 4... g6 5. g3 Bg7 6. Bg2 Nf6 7. e4 O-O 8. h3 d6 9. Nge2 a6 10. Be3 Ne5 11. Qd1 Nc4 {0-1 (83) Kochetkov,V (1853)-Obgolts,E (2184) St Petersburg 2015}) 5. Qd1 Nf6 6. Bg5 {A00: Irregular Openings} (6. e4 {feels hotter.} d6 7. a3 Nc6 8. Nf3 a6 9. Be2) 6... d6 (6... e6 {seems wilder.} 7. e4 h6 8. Bh4 Nc6 9. Nf3 Bb4) 7. Bxf6 (7. Nf3 {looks sharper.} Nc6 8. e4 a6 9. Be2 e6 10. Qd2) 7... gxf6 8. Nf3 {The position is equal.} a6 9. g3 Bg7 10. a3 Nc6 11. Nd5 e6 12. Nf4 e5 13. Nd5 f5 14. Nh4 Be6 15. Bg2 O-O 16. O-O e4 (16... Ne7 $11 {keeps the balance.}) 17. c3 (17. Bh3 $16) 17... Ne7 $11 18. Nf4 Ng6 $36 {[%mdl 2048] Black is more active.} 19. Nhxg6 hxg6 20. Nxe6 fxe6 21. Qb3 Qe7 22. f3 d5 {[%cal Bd6d5,Bd5c4][%mdl 32]} 23. c4 (23. fxe4 $15 dxe4 24. Qb4) 23... Qc5+ $19 24. Kh1 dxc4 25. Qc2 exf3 (25... e3 $19 26. Rab1 Rad8) 26. Bxf3 $17 Rad8 27. Rad1 b5 28. Rxd8 (28. e4 $17) 28... Rxd8 $19 29. g4 Qd4 30. gxf5 exf5 31. b3 Qb2 32. Qxb2 Bxb2 33. bxc4 bxc4 {[%cal Bb5c4,Bc4c3][%mdl 32] [#] aiming for ...c3. KRB-KRB} 34. e4 (34. e3 $142) 34... c3 {Black is clearly winning.} 35. Rf2 Bxa3 36. exf5 gxf5 37. Ra2 (37. Rc2 $142 Bb4 38. Kg2) 37... Bb2 {Accuracy: White = 28%, Black = 70%.} 0-1

[Event "XLIV Sevilla Open 2019"]
[Site "Sevilla"]
[Date "2019.01.12"]
[Round "2"]
[White "Gaitan Ramirez, Alfonso"]
[Black "Ertan, Can"]
[Result "0-1"]
[WhiteElo "1946"]
[BlackElo "2421"]
[Annotator "TA"]
[PlyCount "48"]
[EventDate "2019.01.11"]
[EventType "swiss"]
[EventCountry "ESP"]
[SourceTitle "playchess.com"]
[Source "ChessBase"]
[SourceQuality "1"]

{[%evp 24,48,22,25,42,20,17,13,6,-84,30,0,6,-35,-23,-104,-66,-99,-28,-294,-306,-327,-326,-316,-317,-525,-611]} 1. e4 e5 2. Nf3 Nc6 3. Nc3 Nf6 4. d4 exd4 5. Nxd4 Bb4 6. Nxc6 bxc6 7. Bd3 O-O 8. O-O d5 9. exd5 cxd5 10. Bg5 c6 11. Qf3 Be7 12. h3 Rb8 13. b3 {LiveBook: 12 Games. C47: Scotch Four Knights and Four Knights with 4 g3} ({Much worse is} 13. Bxf6 Bxf6 14. Rab1 Re8 $17) 13... Rb4 $146 ({Predecessor:} 13... Be6 14. Ne2 h6 15. Bf4 Bd6 16. Nd4 Rb6 17. Rfe1 Re8 18. Bxd6 Qxd6 19. Nf5 {½-½ (19) Van Haastert,E (2447)-Geirnaert,S (2428) Netherlands 2017}) 14. Rae1 h6 15. Bc1 {The position is equal.} Bd6 16. Bb2 {[#]} (16. Ne2 $11) 16... Re8 (16... Rf4 $1 $17 {[%cal Rf4f3]} 17. Qd1 Rh4) 17. a3 Rb7 18. Qd1 Rbe7 $36 {[%mdl 2048] Black has the initiative.} 19. Qa1 (19. Ne2 $11) 19... Bb8 {And now ...Nh5 would win.} 20. Ne2 Nh5 (20... Qd6 $17 {[%csl Gb8][%cal Rd6h2]} 21. f4 Ne4) 21. f4 $2 {[%mdl 8192] [#]} (21. Nd4 $1 $11 {and White stays safe.} Bd7 22. Nf3) 21... Qb6+ $19 22. Bd4 c5 {[%cal Bc6c5,Bc5c4][%mdl 32]} 23. Bf2 Qc7 ({Weaker is} 23... Nxf4 24. Nxf4 Bxf4 25. Rxe7 $17) 24. Qc1 $2 (24. Qc3 d4 25. Nxd4 cxd4 26. Qxc7 Bxc7 27. f5) 24... c4 {Precision: White = 13%, Black = 37%.} 0-1